La horma de su zapato (Record no. 173901)

MARC details
000 -LEADER
campo de control de longitud fija 00826namaa2200169 i 4500
001 - NÚMERO DE CONTROL
campo de control 173901
003 - IDENTIFICADOR DE NÚMERO DE CONTROL
campo de control ES-MaACL
005 - FECHA Y HORA DE LA ÚLTIMA TRANSACCIÓN
campo de control 20230906215403.0
008 - DATOS DE LONGITUD FIJA--INFORMACIÓN GENERAL
campo de control de longitud fija 100128s1878 sp |||| | spa d
040 ## - FUENTE DE CATALOGACIÓN
Centro catalogador/agencia de origen SpMaBN
Lengua de catalogación spa
Centro/agencia transcriptor PAB
100 1# - ENTRADA PRINCIPAL--NOMBRE DE PERSONA
Nombre de persona Barranco y Caro, Mariano.
9 (RLIN) 142054
245 13 - MENCIÓN DEL TÍTULO
Título La horma de su zapato
Resto del título : proverbio en un acto y en prosa, tomado de un pensamiento francés /
Mención de responsabilidad, etc. por Mariano Barranco y Caro.
260 ## - PUBLICACIÓN, DISTRIBUCIÓN, ETC.
Lugar de publicación, distribución, etc. Madrid :
Nombre del editor, distribuidor, etc. [Administración Lírico-Dramática],
Fecha de publicación, distribución, etc. 1878 (
Fabricante Imp. de José Rodríguez)
300 ## - DESCRIPCIÓN FÍSICA
Extensión 24 p. ;
Dimensiones 17 cm.
594 ## - Nota al título y mención de responsabilidad
Nota al título y mención de responsabilidad En port.: Estrenado...en el Teatro de Variedades, el 5 de noviembre de 1878.
852 ## - LOCALIZACIÓN
Ubicación ES-MaACL
Número de control de estantería F-8627(10)
Nota libre .- Enc. pasta española
condición física .- Falto de la cub. original
Nota libre .- Enc. en un vol. facticio formando parte de la col. facticia "Teatro español moderno", vol. 82
Holdings
Estatus retirado Estado de pérdida Estado de daño No para préstamo Colección Biblioteca de origen Biblioteca actual Ubicación en estantería Fecha de adquisición Fuente de adquisición Total de préstamos Signatura topográfica completa Código de barras Visto por última vez Precio de reemplazo Tipo de ítem Koha
        Libros del s. XIX Biblioteca del Ateneo de Madrid Biblioteca del Ateneo de Madrid Sala Pecera Planta 2 28/01/2010     F-8627(10) 1182540 23/02/2023 23/02/2023 Libro impreso antiguo